Statistics for Queen Lyrics quiz

Click here to take the quiz!

General Stats

  • This quiz has been taken 54 times
    (39 since last reset)
  • The average score is 25 of 46

Answer Stats

Lyrics Song % Correct
Buddy you're a boy make a big noiseWe Will Rock You
88%
Tonight, I'm gonna have myself a real good timeDon't Stop Me Now
88%
She keeps Mo√ęt et ChandonKiller Queen
88%
I want to break free from your liesI Want To Break Free
88%
Is this the real life?Bohemian Rhapsody
85%
I've paid my duesWe Are the Champions
85%
Pressure: pushing down on meUnder Pressure
85%
This thing called loveCrazy Little Thing Called Love
82%
I was told a million timesKeep Yourself Alive
79%
Bicycle, Bicycle, BicycleBicycle Race
79%
Ah you gonna take me home tonightFat Bottomed Girls
79%
Steve walks warily down the streetAnother One Bites the Dust
79%
Ooh, you make me liveYou're My Best Friend
76%
Flash a-ah, Savior of the UniverseFlash
76%
[TITLE], you've hurt meLove of My Life
73%
Each morning I get up I die a littleSomebody To Love
73%
Fear me you lords and lady preachersSeven Seas of Rhye
70%
One man, one goalOne Vision
70%
I'd sit alone and watch your lightRadio Ga-Ga
70%
Here I standNow I'm Here
64%
There's no time for usWho Wants To Live Forever
61%
It started off so wellSave Me
58%
Here we are, Born to be kingsPrinces of the Universe
58%
I can dim the lights and sing you songs full of sad thingsGood Old-Fashioned Lover Boy
55%
Here we stand or here we fallHammer To Fall
55%
Adventure seeker on an empty streetI Want It All
55%
Scandal - now you've left me all the world's gonna knowScandal
52%
Empty spacesShow Must Go On
52%
Open up your mind and let me step insidePlay the Game
52%
And you're rushing headlong you've got a new goalHeadlong
48%
While the sun hangs in the sky, and the desert has sandInnuendo
45%
One dream, one soulA Kind of Magic
42%
I don't want my freedomIt's a Hard Life
39%
Another red letter dayFriends Will Be Friends
39%
Every drop of rain that falls in Sahara Desert says it allThe Miracle
36%
Get your party gownTie Your Mother Down
27%
Sometimes I get to feelingThese Are the Days of Our Lives
27%
When love breaks upBreakthru
24%
When the outside temperature risesI'm Going Slightly Mad
24%
[TITLE], With every single beat of my heartI Was Born To Love You
24%
I'm just the pieces of the man I used to beToo Much Love Will Kill You
24%
When you hear a soundInvisible Man
21%
Don't touch me nowLas Palabras de Amor
15%
I'm taking my ride with destinyMade In Heaven
15%
Why don't you take another little piece of my heartLet Me Live
15%
Do you mean it?The March of Black Queen
3%

Score Distribution

Percentile by Number Answered

Percent of People with Each Score

Your Score History

You have not taken this quiz since the last reset